[Event "Fall Classic"]
[Site "SchemingMind.com"]
[Date "2010.09.30"]
[Round "-"]
[White "Kenny Elliott"]
[Black "thefriediceman"]
[Result "0-1"]
[WhiteCountry "USA"]
[BlackCountry "USA"]
[WhiteElo "1660"]
[WhiteRD "72"]
[BlackElo "1832"]
[BlackRD "85"]
[GameID "261863"]

1. d4 Nf6 2. c4 g6 3. Nc3 Bg7 4. Nf3 O-O 5. g3 d6 6. Bg2 Nc6 7. O-O e5 8. Bg5 Qd7 9. Bxf6 Bxf6 10. Nd5 Bg7
11. dxe5 Nxe5 12. Nxe5 dxe5 13. Qb3 c6 14. Ne3 Qc7 15. Rad1 Be6 16. Qc2 Bh6 17. Qc3 Bxe3 18. Qxe3 Bxc4 19. b3 Be6 20. Rd2 Qa5
21. Rfd1 Rad8 22. Rxd8 Rxd8 23. Rxd8+ Qxd8 24. Qxa7 Qd1+ 25. Bf1 h5 26. Qxb7 Bh3
0-1

[Event "Fall Classic"]
[Site "SchemingMind.com"]
[Date "2010.09.30"]
[Round "-"]
[White "thefriediceman"]
[Black "Kenny Elliott"]
[Result "1-0"]
[WhiteCountry "USA"]
[BlackCountry "USA"]
[WhiteElo "1936"]
[WhiteRD "71"]
[BlackElo "1647"]
[BlackRD "67"]
[GameID "261864"]

1. e4 c5 2. Nf3 d6 3. d4 Nf6 4. Nc3 Nc6 5. dxc5 dxc5 6. Qxd8+ Nxd8 7. Be3 e6 8. h3 Nc6 9. O-O-O g6 10. Rd2 Bg7
11. Bxc5 b6 12. Be3 O-O 13. Bb5 Bd7 14. Rxd7 Nxd7 15. Bxc6 Rad8 16. Ne2 Ne5 17. Nxe5 Bxe5 18. f3 f6 19. Nf4 Rd6 20. Nxe6 Rxc6
21. Nxf8 Kxf8 22. Rd1 Ke7 23. Rd3 h5 24. Ra3 a5 25. Rb3 Bc7 26. Bd4 g5 27. Rc3 Rxc3 28. Bxc3 Ke6 29. Kd2 Be5 30. Bxe5 Kxe5
31. Ke3 b5 32. g3 Ke6 33. Kd4 b4 34. c3 bxc3 35. bxc3 Kd6 36. f4 g4 37. hxg4 hxg4 38. e5+ fxe5+ 39. fxe5+ Ke6 40. c4
1-0

[Event "Fall Classic"]
[Site "SchemingMind.com"]
[Date "2010.10.02"]
[Round "-"]
[White "jtrochez1"]
[Black "Kenny Elliott"]
[Result "1-0"]
[WhiteCountry "HON"]
[BlackCountry "USA"]
[WhiteElo "1548"]
[WhiteRD "51"]
[BlackElo "1583"]
[BlackRD "67"]
[GameID "262048"]

1. e4 c5 2. Nf3 d6 3. h3 Nf6 4. Nc3 Nc6 5. d4 e5 6. d5 Nd4 7. Bg5 Be7 8. Bd3 O-O 9. Bxf6 Bxf6 10. Nxd4 exd4
11. Ne2 Qa5+ 12. Qd2 Qxd2+ 13. Kxd2 Bg5+ 14. f4 Bd8 15. c4 Ba5+ 16. Kc2 Bd7 17. b3 Rab8 18. f5 b5 19. Kc1 bxc4 20. bxc4 Rb6
21. Rb1 Rfb8 22. Rxb6 axb6 23. Kb1 b5 24. cxb5 Bxb5 25. Bxb5 Rxb5+ 26. Kc2 c4 27. Nxd4 Rc5 28. Rb1 Kf8 29. Nc6 Bc7 30. Rb7 g6
31. f6 h5 32. Rxc7 Kg8 33. a4 c3 34. Ne7+ Kh7 35. Rxc5 dxc5 36. a5
1-0

[Event "Fall Classic"]
[Site "SchemingMind.com"]
[Date "2010.10.02"]
[Round "-"]
[White "jtrochez1"]
[Black "thefriediceman"]
[Result "0-1"]
[WhiteCountry "HON"]
[BlackCountry "USA"]
[WhiteElo "1516"]
[WhiteRD "53"]
[BlackElo "1936"]
[BlackRD "71"]
[GameID "262049"]

1. e4 e5 2. Bc4 Nc6 3. Nf3 Bc5 4. Nc3 Nf6 5. h3 d6 6. d3 h6 7. a3 a6 8. Qe2 b5 9. Ba2 O-O 10. O-O Be6
11. Nd5 Nd4 12. Nxd4 Bxd4 13. Ne3 Bxa2 14. Rxa2 Bxe3 15. Bxe3 Nd7 16. f4 exf4 17. Bxf4 Nc5 18. b3 Ne6 19. Be3 d5 20. Rd1 dxe4
21. dxe4 Qh4 22. Qf3 Rad8 23. Rxd8 Qe1+ 24. Kh2 Rxd8 25. Bf2 Qb1 26. Bh4 Re8 27. Qg3 Qxa2 28. Bf6 Qxc2 29. e5 Qc1
0-1

[Event "Fall Classic"]
[Site "SchemingMind.com"]
[Date "2010.10.01"]
[Round "-"]
[White "Kenny Elliott"]
[Black "jtrochez1"]
[Result "0-1"]
[WhiteCountry "USA"]
[BlackCountry "HON"]
[WhiteElo "1583"]
[WhiteRD "67"]
[BlackElo "1548"]
[BlackRD "51"]
[GameID "262050"]

1. d4 d5 2. c4 e6 3. Nc3 c6 4. Nf3 Nd7 5. e3 Ngf6 6. cxd5 exd5 7. Bd3 Bd6 8. O-O h6 9. Re1 Bb4 10. Bd2 Bd6
11. e4 dxe4 12. Bxe4 O-O 13. Qc2 Re8 14. Bd3 Nf8 15. Ne4 Nxe4 16. Bxe4 Be6 17. Re2 Bd5 18. Rae1 Bxe4 19. Rxe4 Rxe4 20. Rxe4 Ne6
21. Rg4 g5 22. Qc1 f6 23. Qc4 Kf7 24. Re4 Qd7 25. b4 b5 26. Qb3 Re8 27. d5 cxd5 28. Qxd5 Bxh2+ 29. Kxh2 Qxd5 30. Re2 Nf4
31. Rxe8 Kxe8 32. Bc3 Kf7 33. a3 Qd3 34. Bb2 Qf1 35. Kg3 Qxg2#
0-1

[Event "Fall Classic"]
[Site "SchemingMind.com"]
[Date "2010.10.02"]
[Round "-"]
[White "thefriediceman"]
[Black "jtrochez1"]
[Result "1-0"]
[WhiteCountry "USA"]
[BlackCountry "HON"]
[WhiteElo "1936"]
[WhiteRD "71"]
[BlackElo "1516"]
[BlackRD "53"]
[GameID "262051"]

1. e4 e5 2. Nf3 Nc6 3. Bc4 d6 4. d3 Be7 5. h3 h6 6. O-O Nf6 7. Nc3 a6 8. a3 O-O 9. b4 b5 10. Bb3 Bd7
11. Be3 Qc8 12. Nd5 Bd8 13. Nxf6+ Bxf6 14. Bd5 Rb8 15. Rc1 Ne7 16. Ba7 Nxd5 17. Bxb8 Qxb8 18. exd5 Bd8 19. c4 c5 20. Rb1 f5
21. Nd2 Qc8 22. Re1 f4 23. Rc1 Bg5 24. Ne4 Qb8 25. bxc5 dxc5 26. Nxc5 Bc8 27. Ne4 b4 28. axb4 f3 29. Nxg5 hxg5 30. g4 Rf4
31. Re4 Rf7 32. Qa4 Bxg4 33. Rxg4 Rf4 34. Qd7 Rxg4+ 35. Qxg4 Qf8 36. Qxg5 Qc8 37. Qg4
1-0

[Event "Fall Classic"]
[Site "SchemingMind.com"]
[Date "2010.10.01"]
[Round "-"]
[White "mmccaffe"]
[Black "jtrochez1"]
[Result "1/2-1/2"]
[WhiteCountry "USA"]
[BlackCountry "HON"]
[WhiteElo "1737"]
[WhiteRD "55"]
[BlackElo "1548"]
[BlackRD "51"]
[GameID "262086"]

1. e4 e5 2. Nf3 Nc6 3. Bb5 d6 4. d4 Bd7 5. O-O h6 6. Re1 Nge7 7. Nc3 a6 8. Ba4 Ng6 9. d5 Nb8 10. Bxd7+ Qxd7
11. Bd2 Be7 12. h3 c5 13. Ne2 O-O 14. a3 b5 15. c3 Nh4 16. Nxh4 Bxh4 17. Ng3 Bxg3 18. fxg3 Qa7 19. Be3 Qb7 20. g4 f6
21. Qf3 g5 22. h4 Nd7 23. g3 Rf7 24. Rf1 Raf8 25. Qe2 c4 26. Rf3 Nc5 27. Bxc5 dxc5 28. Qf2 Qa7 29. Rf1 Kg7 30. h5 Qe7
31. Rd1 Qd6 32. Qd2 a5 33. Qe2 Rb8 34. Rff1 Rc7 35. Rb1 a4 36. Rf3 Rf7=
1/2-1/2

[Event "Fall Classic"]
[Site "SchemingMind.com"]
[Date "2010.10.02"]
[Round "-"]
[White "mmccaffe"]
[Black "Kenny Elliott"]
[Result "1-0"]
[WhiteCountry "USA"]
[BlackCountry "USA"]
[WhiteElo "1737"]
[WhiteRD "55"]
[BlackElo "1583"]
[BlackRD "67"]
[GameID "262087"]

1. e4 c5 2. Nf3 d6 3. d4 Nf6 4. Nc3 Qa5 5. Bd2 cxd4 6. Nxd4 Qb6 7. Nb3 Bg4 8. Be2 Bxe2 9. Qxe2 e6 10. O-O Be7
11. Be3 Qd8 12. f3 Nc6 13. Rfd1 O-O 14. a3 a6 15. Rd2 Qc7 16. f4 e5 17. f5 Rfd8 18. h3 Rd7 19. Rad1 Rad8 20. Qf2 Nd4
21. Nxd4 exd4 22. Bxd4 Qc6 23. Bxf6 Bxf6 24. Nd5 Bxb2 25. Qg3 Qc5+ 26. Kh1 Be5 27. Qg5 f6 28. Qg4 Qxa3 29. h4 a5 30. h5 h6
31. Rd3 Qb2 32. Qe2 a4 33. R1d2 Qb5 34. Ra3 Qb2 35. Rxa4 Qc1+ 36. Qd1 Qxd1+ 37. Rxd1 Rc8 38. Nb6 Rxc2 39. Nxd7 Rb2 40. Nxe5 dxe5
41. Ra8+ Kh7 42. Rdd8
1-0

[Event "Fall Classic"]
[Site "SchemingMind.com"]
[Date "2010.10.02"]
[Round "-"]
[White "mmccaffe"]
[Black "thefriediceman"]
[Result "1/2-1/2"]
[WhiteCountry "USA"]
[BlackCountry "USA"]
[WhiteElo "1737"]
[WhiteRD "55"]
[BlackElo "1922"]
[BlackRD "71"]
[GameID "262088"]

1. e4 e5 2. Nf3 Nc6 3. Bb5 a6 4. Ba4 Nf6 5. O-O Be7 6. Re1 b5 7. Bb3 d6 8. h3 Na5 9. c3 Nxb3 10. Qxb3 Be6
11. Qd1 h6 12. d4 exd4 13. cxd4 d5 14. e5 Nd7 15. Nc3 O-O 16. Nh2 Nb6 17. Ng4 b4 18. Nxh6+ gxh6 19. Bxh6 Bf5 20. Bxf8 Qxf8
21. Ne2 Qg7 22. Ng3 Be6 23. b3 c5 24. dxc5 Bxc5 25. Rc1 Nd7 26. Qh5 Bd4 27. Nf5 Bxf5 28. Qxf5 Nxe5 29. Rcd1 Re8 30. Kh1 Bc3
31. Re3 d4 32. Rg3 Ng6 33. h4 Qh6 34. Kg1 Kf8 35. Qc5+ Ne7 36. Qg5=
1/2-1/2

[Event "Fall Classic"]
[Site "SchemingMind.com"]
[Date "2010.10.02"]
[Round "-"]
[White "jtrochez1"]
[Black "mmccaffe"]
[Result "0-1"]
[WhiteCountry "HON"]
[BlackCountry "USA"]
[WhiteElo "1548"]
[WhiteRD "51"]
[BlackElo "1737"]
[BlackRD "55"]
[GameID "262089"]

1. e4 c5 2. Nf3 d6 3. Bc4 e6 4. Nc3 Nc6 5. a3 Nf6 6. d4 cxd4 7. Nxd4 Be7 8. O-O Qb6 9. Nxc6 bxc6 10. Rb1 Ba6
11. Bxa6 Qxa6 12. Re1 O-O 13. Qf3 e5 14. b4 Qc4 15. Re3 c5 16. Qh3 Rab8 17. Nd5 Nxd5 18. exd5 Qxd5 19. Rd3 Qe6 20. Qxe6 fxe6
21. c3 c4 22. Rd1 d5 23. g3 Rf3 24. Be3 h5 25. h4 Rbf8 26. a4 e4 27. b5 Bf6 28. Rbc1 Be5 29. Rc2 Bxg3 30. fxg3 Rxg3+
31. Kh2 Rxe3 32. Rb1 Rff3 33. a5 Rf7 34. b6 axb6 35. axb6 Rb7 36. Kg2 Rf3 37. Rbb2 Rf8 38. Rf2 Rfb8 39. Kg3 Rxb6 40. Rb4 Rxb4
41. cxb4 Rxb4
0-1

[Event "Fall Classic"]
[Site "SchemingMind.com"]
[Date "2010.10.02"]
[Round "-"]
[White "Kenny Elliott"]
[Black "mmccaffe"]
[Result "0-1"]
[WhiteCountry "USA"]
[BlackCountry "USA"]
[WhiteElo "1647"]
[WhiteRD "67"]
[BlackElo "1704"]
[BlackRD "55"]
[GameID "262090"]

1. d4 Nf6 2. c4 g6 3. Nc3 Bg7 4. Nf3 O-O 5. g3 d6 6. Bg2 Nbd7 7. O-O c5 8. Bf4 cxd4 9. Nxd4 a6 10. b4 Qc7
11. Qb3 Nb6 12. c5 Nbd7 13. cxd6 exd6 14. Nd5 Nxd5 15. Qxd5 Nb6 16. Qe4 Qc4 17. Bxd6 Bxd4 18. Qe7 Be6 19. Rac1 Qxa2 20. Bxb7 Nd7
21. Bxa8 Bf6 22. Qxf8+ Nxf8 23. Ra1 Bxa1 24. e3 Bf6 25. Rc1 Bd5 26. Bxf8 Kxf8 27. Rc8+ Kg7 28. Bxd5 Qxd5
0-1

[Event "Fall Classic"]
[Site "SchemingMind.com"]
[Date "2010.10.02"]
[Round "-"]
[White "thefriediceman"]
[Black "mmccaffe"]
[Result "1-0"]
[WhiteCountry "USA"]
[BlackCountry "USA"]
[WhiteElo "1936"]
[WhiteRD "71"]
[BlackElo "1704"]
[BlackRD "55"]
[GameID "262091"]

1. e4 c5 2. Nf3 Nc6 3. d4 cxd4 4. Nxd4 Nf6 5. Nc3 e5 6. Ndb5 d6 7. Bg5 a6 8. Na3 b5 9. Nd5 Qa5+ 10. Bd2 Qd8
11. Nxf6+ Qxf6 12. c4 Qg6 13. Qf3 Nd4 14. Qd3 bxc4 15. Nxc4 d5 16. Nxe5 Qxe4+ 17. Qxe4 dxe4 18. Rc1 f6 19. Nc6 Bb7 20. Nxd4 Bd6
21. Nf5 Be5 22. Nxg7+ Kf7 23. Nf5 Ke6 24. Ne3 Bxb2 25. Rb1
1-0

[Event "Fall Classic"]
[Site "SchemingMind.com"]
[Date "2010.10.02"]
[Round "-"]
[White "King"]
[Black "jtrochez1"]
[Result "1-0"]
[WhiteCountry "ITA"]
[BlackCountry "HON"]
[WhiteElo "1806"]
[WhiteRD "84"]
[BlackElo "1516"]
[BlackRD "53"]
[GameID "262195"]

1. e4 e5 2. Bc4 Bc5 3. Qg4 Qf6 4. Nc3 c6 5. Nf3 Nh6 6. Qg3 d6 7. Na4 Nd7 8. Nxc5 Nxc5 9. d3 Nd7 10. Bg5 Qg6
11. Nh4 Qh5 12. Bxh6 Qxh6 13. Nf5 Qg6 14. Nxg7+ Kf8 15. Nf5 Qxg3 16. hxg3 b5 17. Bb3 Nc5 18. Nxd6 Nxb3 19. axb3 Be6 20. Ra6 Bd7
21. Ke2 Ke7 22. Nf5+ Kf6 23. Ke3 h5 24. Nd6 Ke7 25. Nf5+ Bxf5 26. exf5 Kd7 27. Rha1 f6 28. Rxa7+ Rxa7 29. Rxa7+ Kd6 30. Rf7 Rh6
31. Ke4 h4 32. g4 h3 33. gxh3 b4 34. c4 c5 35. f3 Rxh3 36. Rxf6+ Kc7 37. g5
1-0

[Event "Fall Classic"]
[Site "SchemingMind.com"]
[Date "2010.10.02"]
[Round "-"]
[White "King"]
[Black "Kenny Elliott"]
[Result "1-0"]
[WhiteCountry "ITA"]
[BlackCountry "USA"]
[WhiteElo "1806"]
[WhiteRD "84"]
[BlackElo "1647"]
[BlackRD "67"]
[GameID "262196"]

1. e4 c5 2. Nf3 d6 3. c3 Nf6 4. e5 dxe5 5. Nxe5 Nbd7 6. Bb5 a6 7. Nxd7 Bxd7 8. Bxd7+ Qxd7 9. O-O O-O-O 10. d4 e5
11. Bg5 Be7 12. Qb3 Rhf8 13. dxe5 Ne4 14. Be3 Qc6 15. Rd1 c4 16. Qc2 Qb5 17. Na3 Bxa3 18. bxa3 Qxe5 19. Bd4 Qe6 20. Re1 f5
21. f3 Rfe8 22. fxe4 fxe4 23. Bxg7 e3 24. Re2 Rd3 25. Bd4 Qh6 26. Qa4 b5 27. Qc2 Re4 28. a4 Kc7 29. axb5 axb5 30. Rb1 Kc6
31. a4 b4 32. Rxb4 Qf4 33. Rb6+ Kd5 34. a5 Rexd4 35. cxd4 Qxd4 36. h3 Rd1+ 37. Kh2 Qf4+ 38. g3 Qf1 39. Rb5+ Kd4 40. Qb2+ c3
41. Qb4+ Kd3 42. Rd5+ Kxe2 43. Qc4+ Ke1 44. Rxd1+ Kxd1 45. Qxf1+ Kd2 46. a6 e2 47. Qf4+ Kc2 48. Qe3 Kb2 49. Qxe2+ c2 50. a7 Kb1
51. Qxc2+ Kxc2 52. a8=Q
1-0

[Event "Fall Classic"]
[Site "SchemingMind.com"]
[Date "2010.10.02"]
[Round "-"]
[White "King"]
[Black "mmccaffe"]
[Result "1/2-1/2"]
[WhiteCountry "ITA"]
[BlackCountry "USA"]
[WhiteElo "1806"]
[WhiteRD "84"]
[BlackElo "1704"]
[BlackRD "55"]
[GameID "262197"]

1. e4 c5 2. Nf3 d6 3. c3 g6 4. d4 cxd4 5. Qxd4 Nf6 6. e5 dxe5 7. Qxd8+ Kxd8 8. Nxe5 Be6 9. Be2 Bg7 10. O-O Ke8
11. Rd1 Nbd7 12. Bb5 a6 13. Nxd7 Bxd7 14. Bxd7+ Nxd7 15. Nd2 Nc5 16. Nf3 f6 17. Be3 Ne4 18. Nd4 Kf7 19. f4 Rhd8 20. Nf3 f5
21. Bd4 Bxd4+ 22. Nxd4 Nd6 23. Kf2 Nc4 24. b3 Nd6 25. Rd3 Rac8 26. c4 Ne4+ 27. Kf3 Nc5 28. Rd2 Ne4 29. Rd3 Nc5 30. Rdd1 Ne4=
1/2-1/2

[Event "Fall Classic"]
[Site "SchemingMind.com"]
[Date "2010.10.02"]
[Round "-"]
[White "King"]
[Black "thefriediceman"]
[Result "0-1"]
[WhiteCountry "ITA"]
[BlackCountry "USA"]
[WhiteElo "1766"]
[WhiteRD "93"]
[BlackElo "1832"]
[BlackRD "85"]
[GameID "262198"]

1. e4 e5 2. Bc4 Nc6 3. Nf3 Bc5 4. Nc3 Nf6 5. d3 h6 6. Na4 Bb4+ 7. c3 Be7 8. Qb3 O-O 9. Be3 a6 10. d4 exd4
11. cxd4 b5 12. Bxb5 axb5 13. Qxb5 Nxe4 14. O-O Ba6 15. Qh5 Bxf1 16. Kxf1 Rxa4 17. b3 Ra8 18. a4 Nf6 19. Qh3 Nd5 20. Bd2 Bb4
21. Bxh6 gxh6 22. Qxh6 Qf6 23. Qh5 Nce7 24. Ng5 Qg6 25. Qh4 Nf5 26. Qg4 f6 27. Qe4 Nfe7 28. Qxg6+ Nxg6 29. Nf3 Rfe8 30. Rc1 Re7
31. g3 Rae8 32. Kg2 Re2 33. Ra1 Rb2 34. a5 Rxb3 35. a6 Ra3
0-1

[Event "Fall Classic"]
[Site "SchemingMind.com"]
[Date "2010.10.02"]
[Round "-"]
[White "jtrochez1"]
[Black "King"]
[Result "1-0"]
[WhiteCountry "HON"]
[BlackCountry "ITA"]
[WhiteElo "1548"]
[WhiteRD "51"]
[BlackElo "1787"]
[BlackRD "87"]
[GameID "262199"]

1. e4 e5 2. Bc4 Nf6 3. Nc3 Nxe4 4. Nxe4 d5 5. Bxd5 Qxd5 6. Qf3 Be7 7. Nf6+ Bxf6 8. Qxd5 O-O 9. d3 Nc6 10. c3 Be6
11. Qb5 Nd8 12. Nf3 c6 13. Qa4 b5 14. Qc2 Nb7 15. O-O Rfd8 16. Be3 c5 17. a3 Bf5 18. Rad1 c4 19. Ne1 Rd7 20. Qe2 Rad8
21. d4 e4 22. h3 a5 23. Nc2 Nd6 24. g4 Bg6 25. Ne1 Ne8 26. Ng2 h6 27. h4 Be7 28. h5 Bh7 29. Nh4 Bxh4 30. Kg2 Nc7
31. Kh3 Be7 32. Rg1 Rd5 33. a4 Rc8 34. f4 Ne6 35. f5 Nd8 36. Rdf1 f6 37. axb5 Rxb5 38. Rb1 Rb3 39. d5 Nb7 40. Qd2 Nd6
41. Bf4 Kf8 42. Bxd6 Bxd6 43. Rge1 Be5 44. d6 Bg8 45. d7 Rd8 46. Rxe4 Ke7 47. Rd1 Kf8 48. Rxe5 fxe5 49. Qd6+ Kf7 50. Qxe5 a4
51. Qd5+ Kf8 52. Qd6+ Kf7 53. Re1 Bh7 54. Qe7+ Kg8 55. Qxd8+ Kf7 56. Qe7+ Kg8 57. d8=Q#
1-0

[Event "Fall Classic"]
[Site "SchemingMind.com"]
[Date "2010.10.02"]
[Round "-"]
[White "Kenny Elliott"]
[Black "King"]
[Result "1-0"]
[WhiteCountry "USA"]
[BlackCountry "ITA"]
[WhiteElo "1647"]
[WhiteRD "67"]
[BlackElo "1806"]
[BlackRD "84"]
[GameID "262200"]

1. d4 d5 2. c4 c6 3. Nf3 Nd7 4. Nc3 e6 5. e3 Ngf6 6. cxd5 cxd5 7. Bb5 Bb4 8. Bd2 O-O 9. Bxd7 Bxd7 10. O-O Rc8
11. a3 Ba5 12. b4 Bc7 13. a4 Bd6 14. b5 Bb4 15. Qb3 Qa5 16. Rac1 Rc7 17. Rc2 Rfc8 18. Rfc1 a6 19. b6 Bxa4 20. Nxa4 Rxc2
21. Rxc2 Rxc2 22. Qxc2 Kf8 23. Bxb4+ Qxb4 24. Qc5+ Qxc5 25. Nxc5 Ne4 26. Nxb7 Ke7 27. Nc5 a5 28. b7 Nxc5 29. dxc5 a4 30. b8=Q a3
31. Qa7+ Kf6 32. Qxa3 h5 33. Qc3+ Kf5 34. Qe5+ Kg4 35. Qg5#
1-0

[Event "Fall Classic"]
[Site "SchemingMind.com"]
[Date "2010.10.02"]
[Round "-"]
[White "mmccaffe"]
[Black "King"]
[Result "0-1"]
[WhiteCountry "USA"]
[BlackCountry "ITA"]
[WhiteElo "1704"]
[WhiteRD "55"]
[BlackElo "1806"]
[BlackRD "84"]
[GameID "262201"]

1. e4 e5 2. Nf3 Nc6 3. Bb5 d6 4. d4 Bd7 5. O-O Nf6 6. Re1 Be7 7. Nc3 Nxd4 8. Bxd7+ Qxd7 9. Nxd4 exd4 10. Qxd4 O-O
11. Bg5 Qg4 12. Bxf6 Bxf6 13. Qe3 Bxc3 14. Qxc3 Rac8 15. Qd4 b6 16. f3 Qe6 17. Qd5 Qxd5 18. exd5 Rfe8 19. Kf2 Kf8 20. Re2 Re5
21. Rae1= Rxd5 22. Re7 Rd2+ 23. R1e2 Rxe2+ 24. Rxe2 Re8 25. Rd2 Ke7 26. Re2+ Kd7 27. Rd2 b5 28. c3 a5 29. b3 c6 30. g3 d5
31. c4 Kd6 32. cxb5 cxb5 33. Rc2 d4 34. a3 Re7 35. h3 Kd5 36. h4 d3 37. Rd2 Kd4 38. Rd1 Kc3 39. Rb1 Kc2
0-1

[Event "Fall Classic"]
[Site "SchemingMind.com"]
[Date "2010.10.02"]
[Round "-"]
[White "thefriediceman"]
[Black "King"]
[Result "0-1"]
[WhiteCountry "USA"]
[BlackCountry "ITA"]
[WhiteElo "1832"]
[WhiteRD "85"]
[BlackElo "1766"]
[BlackRD "93"]
[GameID "262202"]

1. e4 e5 2. Nf3 Nc6 3. Bc4 Nf6 4. Ng5 d5 5. exd5 b5 6. Bf1 Nxd5 7. Bxb5 Bd7 8. Qf3 Qxg5 9. Qxd5 Qf6 10. O-O Be7
11. Nc3 Qd6 12. Qxd6 cxd6 13. Nd5 Bd8 14. d3 Ne7 15. Bxd7+ Kxd7 16. Nxe7 Kxe7 17. Re1 Bb6 18. Be3 Rhc8 19. c4 Ke6 20. Bxb6 axb6
21. b3 Kf5 22. Re3 Ra3 23. g3 Rca8 24. Re2 Rxb3 25. Rd1 Rc3 26. Rb2 Raa3 27. Rxb6 Rxd3 28. Rxd6 Rxd6 29. Rxd6 Rxa2 30. Rd7 Ke6
31. Rc7 Rc2 32. c5 e4 33. c6 g6 34. Rc8 h5 35. c7 Ke7 36. Kf1 Kf6 37. Ke1 Kf5 38. Kd1 Rc4 39. h3 f6 40. Kd2 Rc6
41. Ke3 Rc4 42. Re8 Rxc7 43. Rxe4 Rc3+ 44. Kd4 Rc4+ 45. Kxc4 Kxe4 46. f4 Kf3 47. Kd5 Kxg3 48. Ke6 Kxf4 49. Kxf6 g5 50. Kg6 h4
51. Kh5 Kg3 52. Kxg5 Kxh3 53. Kf4 Kg2
0-1

[Event "Fall Classic"]
[Site "SchemingMind.com"]
[Date "2010.10.04"]
[Round "-"]
[White "petrus"]
[Black "jtrochez1"]
[Result "1-0"]
[WhiteCountry "BEL"]
[BlackCountry "HON"]
[WhiteElo "1810"]
[WhiteRD "84"]
[BlackElo "1516"]
[BlackRD "53"]
[GameID "262211"]

1. d4 d5 2. c4 e6 3. cxd5 exd5 4. Nc3 c6 5. e3 Bf5 6. Nf3 Nf6 7. Bd3 Bxd3 8. Qxd3 h6 9. e4 dxe4 10. Nxe4 Nxe4
11. Qxe4+ Qe7 12. Qxe7+ Bxe7 13. O-O Nd7 14. Re1 f6 15. Bf4 Kf7 16. Re2 Rhe8 17. Rae1 g5 18. Bg3 Bb4 19. Rxe8 Rxe8 20. Rxe8 Kxe8
21. h4 b5 22. hxg5 hxg5 23. Kf1 Ke7 24. Ke2 c5 25. Kd3 c4+ 26. Ke4 Bd6 27. Bh2 Bxh2 28. Nxh2 Kf7 29. Ng4 Kg6 30. Kd5 Nb6+
31. Kc5 Na4+ 32. Kxb5 Nxb2 33. Kb4 a5+ 34. Kc3 f5 35. Ne5+ Kf6 36. Kxb2
1-0

[Event "Fall Classic"]
[Site "SchemingMind.com"]
[Date "2010.10.04"]
[Round "-"]
[White "petrus"]
[Black "Kenny Elliott"]
[Result "0-1"]
[WhiteCountry "BEL"]
[BlackCountry "USA"]
[WhiteElo "1810"]
[WhiteRD "84"]
[BlackElo "1647"]
[BlackRD "67"]
[GameID "262212"]

1. e4 c5 2. Bc4 e6 3. Nf3 Nc6 4. Bb5 Nf6 5. Bxc6 bxc6 6. d3 Be7 7. c4 Ng4 8. h3 Nf6 9. Nc3 O-O 10. Bd2 d5
11. b3 Ba6 12. O-O d4 13. Ne2 Qc7 14. Qc1 e5 15. Ng3 Bc8 16. Nh4 Nxe4 17. Nxe4 Bxh4 18. Bg5 Bxg5 19. Qxg5 f6 20. Qh4 a5
21. Nxc5 f5 22. f4 Qd6 23. Na4 e4 24. c5 Qe6 25. Nb6 Rb8 26. Nc4 Ba6 27. Ne5 Bxd3 28. Nxd3 exd3 29. Rfe1 Qd7 30. Qe7 Qxe7
31. Rxe7 Rbe8 32. Rxe8 Rxe8 33. Rd1 Re3 34. Kf1 Kf7 35. Re1 d2 36. Rd1 Ke6 37. Rxd2 Kd5 38. Re2 Kxc5 39. Rc2+ Kd5 40. Kf2 Ke4
41. g3 Kd3 42. Rxc6 Kd2 43. Rc5 d3 44. Rxa5 Re2+ 45. Kf1 Kd1 46. Rc5 Rc2
0-1

[Event "Fall Classic"]
[Site "SchemingMind.com"]
[Date "2010.10.03"]
[Round "-"]
[White "petrus"]
[Black "King"]
[Result "0-1"]
[WhiteCountry "BEL"]
[BlackCountry "ITA"]
[WhiteElo "1776"]
[WhiteRD "97"]
[BlackElo "1766"]
[BlackRD "93"]
[GameID "262213"]

1. d4 d5 2. c4 c6 3. c5 b5 4. a4 bxa4 5. Rxa4 e5 6. b4 exd4 7. Qxd4 Nf6 8. Bg5 Be7 9. e3 O-O 10. Nf3 Bf5
11. Nc3 Nbd7 12. Bd3 Ne4 13. Bxe7 Qxe7 14. Bxe4 Bxe4 15. Nxe4 Qxe4 16. Qxe4 dxe4 17. Nd4 Ne5 18. O-O Rfb8 19. f4 exf3 20. gxf3 Re8
21. Kg2 Nd3 22. e4 a5 23. Rfa1 Nxb4 24. Rxa5 Rad8 25. Nf5 Re6 26. Ra8 Ree8 27. Rxd8 Rxd8 28. Rb1 Nd3 29. Rb6 Nxc5 30. Rxc6 Ne6
31. Kg3 g6 32. Ne7+ Kf8 33. Nd5 Kg7 34. Ne3 Rd3 35. Nc4 Rxf3+ 36. Kxf3 Nd4+ 37. Kf4 Nxc6 38. Ne5 Nxe5 39. Kxe5 f6+ 40. Kf4 Kf7
41. h3 Ke6 42. h4 h5 43. Kf3 Ke5 44. Ke3 g5 45. hxg5 fxg5 46. Kf3 g4+ 47. Kg3 Kxe4 48. Kf2 h4 49. Kg2 g3 50. Kh3 Kf3
0-1

[Event "Fall Classic"]
[Site "SchemingMind.com"]
[Date "2010.10.03"]
[Round "-"]
[White "petrus"]
[Black "mmccaffe"]
[Result "1/2-1/2"]
[WhiteCountry "BEL"]
[BlackCountry "USA"]
[WhiteElo "1810"]
[WhiteRD "84"]
[BlackElo "1704"]
[BlackRD "55"]
[GameID "262214"]

1. d4 Nf6 2. e3 g6 3. Bd3 Bg7 4. e4 d6 5. c3 O-O 6. h3 Nbd7 7. Be3 e5 8. Ne2 Re8 9. Qd2 exd4 10. Bxd4 Ne5
11. Ng3 Nxd3+ 12. Qxd3 Nxe4 13. Nxe4 d5 14. O-O dxe4 15. Qd2 Bxd4 16. cxd4 b6 17. Nc3 c5 18. Rad1 cxd4 19. Qxd4 Bb7 20. Qxd8 Raxd8
21. Rxd8 Rxd8 22. Rd1 Rxd1+ 23. Nxd1 f5 24. Nc3 a6 25. b4 b5 26. g3 Kf7 27. Kf1 Ke6 28. Ke2 Ke5 29. Ke3 g5 30. a4 Bc6
31. axb5 axb5 32. Ne2 Bd5 33. Nc3 Bc4 34. f4+ gxf4+=
1/2-1/2

[Event "Fall Classic"]
[Site "SchemingMind.com"]
[Date "2010.10.03"]
[Round "-"]
[White "petrus"]
[Black "thefriediceman"]
[Result "1-0"]
[WhiteCountry "BEL"]
[BlackCountry "USA"]
[WhiteElo "1870"]
[WhiteRD "82"]
[BlackElo "1922"]
[BlackRD "71"]
[GameID "262215"]

1. e4 e5 2. Nf3 Nc6 3. Bb5 a6 4. Bxc6 dxc6 5. b3 Nf6 6. Bb2 Nxe4 7. Qe2 Nd6 8. Qxe5+ Qe7 9. Qxe7+ Bxe7 10. O-O O-O
11. Re1 Re8 12. d3 Bg4 13. Nbd2 Nb5 14. h3 Bh5 15. Re5 Bg6 16. Rae1 Kf8 17. R5e3 Rad8 18. Bxg7+ Kxg7 19. Rxe7 Rxe7 20. Rxe7 Kf8
21. Re1 Na3 22. Rc1 Re8 23. Nb1 Nb5 24. Re1 Rxe1+ 25. Nxe1 Nd4 26. Kf1 Ke7 27. Nc3 b6 28. Ne2 Nb5 29. a4 Nd6 30. Nf4 Bf5
31. g4 Bd7 32. Nf3 b5 33. a5 h6 34. b4 f5 35. g5 hxg5 36. Nxg5 Kf6 37. h4 Ne8 38. Ke2 Nd6 39. Ke3 Ne8 40. Kd4 Nd6
41. Nf3 Nf7 42. c4 bxc4 43. dxc4 Be8 44. Nd3 Nd6 45. Nc5 Ke7 46. Nxa6 Kd8 47. Nc5 Kc8 48. Ng5 Bg6 49. Nce6 f4 50. Nxf4 Nf5+
51. Kc5 Nxh4 52. Kxc6 Be8+ 53. Kd5 Nf5 54. Nfe6 Ne7+ 55. Kc5 Bd7 56. b5 Kb8 57. Nd4 Kb7 58. Nge6 Kc8 59. f4 Kb7 60. Nd8+ Ka8
61. b6 cxb6+ 62. axb6 Bc8 63. Kd6 Ng6 64. f5 Nf8 65. Kc7 Nd7 66. f6 Nxf6 67. Kxc8 Nd5 68. b7+
1-0

[Event "Fall Classic"]
[Site "SchemingMind.com"]
[Date "2010.10.03"]
[Round "-"]
[White "jtrochez1"]
[Black "petrus"]
[Result "0-1"]
[WhiteCountry "HON"]
[BlackCountry "BEL"]
[WhiteElo "1516"]
[WhiteRD "53"]
[BlackElo "1810"]
[BlackRD "84"]
[GameID "262216"]

1. e4 c6 2. Bc4 b5 3. Be2 e6 4. d4 Bb7 5. c3 a6 6. Nf3 c5 7. e5 Qc7 8. a3 d6 9. Bf4 Nd7 10. O-O h6
11. exd6 Bxd6 12. Bxd6 Qxd6 13. dxc5 Qxc5 14. b4 Qc6 15. Qd4 Ngf6 16. Rd1 g5 17. Qd6 Qxd6 18. Rxd6 O-O 19. Nbd2 Rfd8 20. Nb3 Ne4
21. Rd3 Bd5 22. Nbd2 Nxd2 23. Nxd2 Ne5 24. Rh3 Kg7 25. Nf1 Bc4 26. Re3 Bxe2 27. Rxe2 Nc4 28. h3 Rd3 29. Rc2 Rad8 30. Kh2 Rd1
31. Rca2 Rxa1 32. Rxa1 Rd3 33. Ne3 Nxe3 34. fxe3 Rxc3 35. e4 Re3 36. g4 Rxe4 37. Rd1 Re3 38. Ra1 f5
0-1